000 00383nam a22001697a 4500
005 20160630091851.0
008 160630b xxu||||| |||| 00| 0 eng d
020 _a81-229-0796-X
041 _aeng
082 _b10894
100 _awarner, Charles
_92690
245 _aMedia Selling
260 _bsurjeet Publications
300 _a579
650 _aManagement
_9241
942 _cBK
999 _c4804
_d4802